00425nam a2200157 a 4500008004100000050001500041100001500056245004500071246002200116260003800138300001700176350000900193650001400202650003600216700001500252120416s1972 ||||||||||||||||| || u aHC 244 Soc aNuti, D. M10aSocialist economicscedited by Alec Nove aselected readings aHamondsworth, U.K.bPenguinc1972 a526p. : ill. a0.00 0aECONOMICS aECONOMICS--SOCIOLOGICAL ASPECTS aNove, Alec